00703nam a2200241 a 4500001001300000003000900013005001700022008004100039020002300080082001600103100002200119245002100141260004400162300001000206500003500216505001000251650001400261700002200275902000800297942000700305952013200312999001700444nice12345678IN_TiNIC20260116014722.0131107s2004 lona grp 000 0 eng  a9780192802712c54500a340.58bOLI aOlivelle, Patrick aLaw Code of Manu aLondan bOxford University Press c2004 a316p  aincludes index and biblioraphy2 aIndex aManu-Laws1 aOlivelle, Patrick bSRS cBK 001040708StackRoom-aHMIbHMId2013-11-12g545.00l5m2o340.58 OLIp024216r2022-04-18s2022-02-14v545.00w2013-11-07yBK c16626d16626